000 00492nam a2200205Ia 4500
003 0100
008 130303s9999 xx 000 0 und d
020 _a0674046803
040 _cARRUPELIB
050 _aLB2331.A646 1984
245 4 _aThe art and craft of teaching
260 _aCambridge
260 _bHarvard University Press
260 _C1984
300 _axiv
300 _b 130p. 23cm.
650 _aEDUCATION
700 _aGullette,Margaret Morganroth (ed.)
942 0 0 _01
999 _c12335
_d12335